000 00536nam a22001937a 4500
999 _c172112
_d172112
005 20200128110958.0
010 _aA-451867
020 _c90.00
035 _aA-451867
037 _bBPPD
082 _a840
100 _aرشید احمد صید یقی
245 _aعزیزان علی گڑھ
_cرشید احمد صید یقی
246 _aAzizan Aligarh (Urdu) /
_bby Rasheed Ahmed Siddiqui
260 _a-
_b-
_c1990 ء
270 _a-
_b-
_e-
300 _a192p.
_c22cm(Hb)
942 _2ddc
_cUR
_h840
_mص د ی